L'effectif du PSG lors de la saison 2020-2021 - Statistiques

Statistiques générales
  • Ce quiz a été pris 107 fois
  • Le résultat moyen est 15 sur 45
Statistiques - réponses
Hint Réponse % Correct
G Navas
93%
A Mbappe
84%
A Neymar
83%
D Marquinhos
75%
A Di Maria
71%
D Kimpembe
66%
M Verratti
66%
A Icardi
54%
M Paredes
53%
G Letellier
51%
G Rico
51%
D Bernat
49%
M Gueye
46%
M Draxler
45%
D Kurzawa
43%
D Bakker
42%
M Herrera
42%
D Kehrer
41%
A Kean
39%
D Dagba
37%
M Danilo
36%
D Florenzi
33%
A Choupo-Moting
30%
D Diallo
30%
A Sarabia
30%
D Thiago Silva
28%
G Bulka
22%
M Simons
20%
A Jesé
14%
A Kalimuendo
14%
D Pembele
14%
M Gharbi
12%
M Michut
11%
M Rafinha
11%
G Innocent
9%
D Bitshiabu
7%
G Franchi
7%
A Nagera
7%
D Mbe Soh
5%
M Ruiz-Atil
5%
M Fadiga
4%
M Kapo
4%
D Kamara
3%
G Randriamamy
3%
G Saidini
1%
Aucun quiz correspondant
Distribution des résultats
% des personnes avec chaque résultat
Percentile par nombre de réponses
Votre historique - résultats
Vous n’avez pas pris ce quiz